Reflexiones sobre la muerte de Mishima y sobre el caso Maurizius / (Record no. 15582)

MARC details
000 -LEADER
campo de control de longitud fija 00986nam a2200265 i 4500
001 - NÚMERO DE CONTROL
campo de control 15582
003 - IDENTIFICADOR DE NÚMERO DE CONTROL
campo de control ES-MaACL
005 - FECHA Y HORA DE LA ÚLTIMA TRANSACCIÓN
campo de control 20251018063038.0
007 - CAMPO FIJO DE DESCRIPCIÓN FÍSICA--INFORMACIÓN GENERAL
campo de control de longitud fija t|
008 - DATOS DE LONGITUD FIJA--INFORMACIÓN GENERAL
campo de control de longitud fija 000403s1999 sp |||| |dspa d
020 ## - NÚMERO INTERNACIONAL ESTÁNDAR DEL LIBRO
Número Internacional Estándar del Libro 84-95303-1-9
080 ## - NÚMERO DE LA CLASIFICACIÓN DECIMAL UNIVERSAL
Número de la Clasificación Decimal Universal 929 Mishima, Yukio
080 ## - NÚMERO DE LA CLASIFICACIÓN DECIMAL UNIVERSAL
Número de la Clasificación Decimal Universal 821.112.2 Wassermann, Jacob 7 Fall Maurizius.06
100 1# - ENTRADA PRINCIPAL--NOMBRE DE PERSONA
Nombre de persona Miller, Henry,
Fechas asociadas al nombre 1891-1980
9 (RLIN) 242368
245 10 - MENCIÓN DEL TÍTULO
Título Reflexiones sobre la muerte de Mishima y sobre el caso Maurizius /
Mención de responsabilidad, etc. Henry Miller ; traducido del inglés por Mario Muchnik.
260 ## - PUBLICACIÓN, DISTRIBUCIÓN, ETC.
Lugar de publicación, distribución, etc. Madrid :
Nombre del editor, distribuidor, etc. El Taller de Mario Muchnik,
Fecha de publicación, distribución, etc. [1999]
300 ## - DESCRIPCIÓN FÍSICA
Extensión 123 p. ;
Dimensiones 18 cm.
505 8# - NOTA DE CONTENIDO CON FORMATO
Nota de contenido con formato Contiene: ;
Título Reflexiones sobre la muerte de Mishima ;
-- Reflexiones sobre el caso Maurizius
600 04 - PUNTO DE ACCESO ADICIONAL DE MATERIA--NOMBRE DE PERSONA
Nombre de persona Mishima, Yukio,
Fechas asociadas al nombre 1925-1970
9 (RLIN) 81651
600 14 - PUNTO DE ACCESO ADICIONAL DE MATERIA--NOMBRE DE PERSONA
Nombre de persona Wassermann, Jakob,
Fechas asociadas al nombre 1873-1934
9 (RLIN) 116154
700 1# - ENTRADA AGREGADA--NOMBRE PERSONAL
Nombre de persona Muchnik, Mario.
9 (RLIN) 84015
740 02 - ENTRADA AGREGADA--TÍTULO RELACIONADO/ANALÍTICO NO CONTROLADO
Título relacionado o analítico no controlado Reflexiones sobre el caso Maurizius.
852 ## - LOCALIZACIÓN
Ubicación ES-MaACL
Número de control de estantería L-22746
Holdings
Estatus retirado Estado de pérdida Estado de daño No para préstamo Biblioteca de origen Biblioteca actual Ubicación en estantería Fecha de adquisición Fuente de adquisición Total de préstamos Signatura topográfica completa Código de barras Visto por última vez Precio de reemplazo Tipo de ítem Koha
        Biblioteca del Ateneo de Madrid Biblioteca del Ateneo de Madrid Depósito 2 17/01/2008     L-22746 1015841 23/02/2023 23/02/2023 Libro impreso